000 00327 a2200133 4500
001 153644
040 _cEscola São Tomás de Aquino
100 _aANDRADE, Carlos Drummond de
240 1 0 _aContos de aprendiz
_lpor
245 1 0 _aContos de aprendiz
362 0 _a2010
697 _aCRÔNICA, CONTO, NOVELA,CARTAS
942 _cBK
999 _c153644
_d153644